MMA Mutuals. - Statistics

General Stats
  • This quiz has been taken 17 times
    15 since last reset
  • The average score is 3 of 15
Answer Stats
Fighter #1 Answer Fighter #2 % Correct
Charles Oliveira Max Holloway / Cub Swanson / Frankie Edgar / Jonathan Brookins Jose Aldo
100%
Cheick Kongo Ryan Bader / Tim Johnson / Mirko Cro Cop / Heath Herring / Matt Mitrione Fedor Emelianenko
38%
Sean O'Malley Thomas Almeida / Pedro Munhoz Cody Garbrandt
31%
Renato Moicano Damir Hadžović / Drew Dober Terrance McKinney
23%
Georges St. Pierre BJ Penn Lyoto Machida
15%
Jamahal Hill Paul Craig / Ovince Saint-Preux Mauricio Rua
15%
BJ Penn Yair Rodriguez Dan Hooker
15%
Tim Elliott Jens Pulver Dennis Hallman
8%
Takeya Mizugaki Manel Kape Kyoji Horiguchi
8%
Stephen Thompson Matt Brown / Rory MacDonald Douglas Lima
8%
Royce Gracie Matt Hughes Sean Sherk
8%
Jon Jones Parker Porter Jailton Almeida
8%
Chuck Liddell Jose Landi-Jons Jake Ellenberger
0%
Antônio Rogério Nogueira Sam Alvey Gerald Meerschaert
0%
Jorge Masvidal Yves Edwards Mark Hominick
0%
No matching quizzes found
Score Distribution
Percent of People with Each Score
Percentile by Number Answered
Your Score History
You have not taken this quiz since the last reset